000 00465nam a2200169Ia 4500
008 230718s9999 xx 000 0 und d
020 _a9781409386643
041 _aeng
082 _a355.0203
_bDAV
100 _aDavid S. (Editor)
_9193681
245 _aEncyclopedia Of WAR
260 _c2012
_bDorling Kindersley
300 _a512
365 _cRs.
_b899.00
700 _aDavid S. (Editor)
_9193681
906 _dO:0295104-Aug-2012B:35606-Jun-2012
_cGENRL
_b224.75
999 _c331087
_d331087